| 000 | 00704nam a2200205 a 4500 | ||
|---|---|---|---|
| 005 | 20260425064058.0 | ||
| 008 | 991125s1979 mx 000 0 spa u | ||
| 020 | _a9685826994 | ||
| 035 | _aUPN01000008094 | ||
| 049 | _aCG | ||
| 050 | 4 |
_aLB1584 M6.6 _bG5.5 |
|
| 100 | 1 | _aGibaja, Regina E. | |
| 245 | 1 | 4 |
_aLas ciencias sociales en la escuela : _bsupuestos epistemológicos y pedagógicos del texto de sexto grado / _cRegina E. Gibaja. |
| 260 |
_aMéxico : _bUNAM, _c1979. |
||
| 300 | _a102 p. | ||
| 650 | 4 |
_aCiencias sociales _xEstudio y enseñanza (Preescolar) _910444 |
|
| 650 | 2 |
_aEducación primaria _zMéxico _vLibros de texto _913744 |
|
| 650 | 4 |
_aLibros de texto _vEvaluación _94424 |
|
| 905 | _aLibro | ||
| 999 |
_c8094 _d8094 |
||